LEADER 01416nam a2200301 i 4500 001 000000140780 003 CaOOAMICUS 005 20050719000000.0 008 050719s2005 it u000 u ita u 013 $a114981 020 $a88-514-0256-6 040 $aSeMil$bita 100 1 $aDelfieux, Pierre-Marie <1934-2013>.$0(OLS)http://semarc/name/56712 240 10$aMoine au coeur de la ville.$0(OLS)http://semarc/title/205709 245 10$aCome monastero la cittā :$bun nuovo volto del monachesimo /$cPierre-Marie Delfieux ; presentazione di Silvano Piovanelli ; prefazione di Raniero Cantalamessa. 260 $aMilano :$bĀncora,$ccopyr. 2005. 300 $a326 p. ;$c21 cm. 490 0 $aIn cammino 650 4$aMonachesimo - Spiritualitā.$0(OLS)http://semarc/subject/2566 700 1 $aPiovanelli, Silvano,$c.$0(OLS)http://semarc/name/26005 700 1 $aCantalamessa, Raniero,$c.$0(OLS)http://semarc/name/42 830 0$aIn cammino.$0(OLS)http://semarc/title/9144 850 $aSeMil 852 $aSeMil$W1$xVenegono$y1$m2C II 649$j94083$B94083$CSeMilBibl$Z2$F99516 $81 961 $aRecupero: Seminario di Seveso 996 $6020$a88-514-0256-6$9(OLS)http://semarc/number/128929 996 $6245$aCome monastero la cittā :$bun nuovo volto del monachesimo$9(OLS)http://semarc/title/205708 996 $6260$aMilano :$bĀncora$9(OLS)http://semarc/publisher/29763 LEADER 00999nam a2200217 i 4500 001 000000072562 003 CaOOAMICUS 005 20090331000000.0 008 090331s1961 it u000 u ita u 013 $a43734 040 $aSeMil$bita 100 1 $aAttisani, Adelchi.$0(OLS)http://semarc/name/35966 245 10$aOrientamenti pedagogici e didattici per la preparazione ai concorsi magistrali e per direttori didattici /$cA. Attisani ... [et al.]. 260 $aMilano :$bC. Marzorati,$c1961. 300 $aXVI, 1086 p. ;$c25 cm. 650 4$aPedagogia - Saggi.$0(OLS)http://semarc/subject/475 650 4$aDidattica - Saggi.$0(OLS)http://semarc/subject/14654 850 $aSeMil 852 $aSeMil$W1$xVenegono$y1$m2Q VI 13$j38715$B38715$CSeMilBibl$Z2$F38718 $81 996 $6245$aOrientamenti pedagogici e didattici per la preparazione ai concorsi magistrali e per direttori didattici$9(OLS)http://semarc/title/117045 996 $6260$aMilano :$bC. Marzorati$9(OLS)http://semarc/publisher/30157